00711cam a2200205 a 450000100100000000500170001000800410002704000300006808200180009810000390011624500760015526000410023130000280027249000130030050400550031365000530036865000370042165000320045883000150049000001585620200929164158.0850227s1973 mx a b 001 0 spa  aDO-SdBNPbspacDLCdBNPHU a091.72bV146m1 aValdiosera Berman, Ramón.d1918-13aLa maldición de los códices mexicanos /cRamón Valdiosera Berman. aMéxico :bEditorial Posada,c1973. a159 p. :bil. ;c17 cm.1 aDudav47 aIncluye referencias bibliográficas (p. 151-152). 4aManuscritos mexicanos, (pre-colombino)xHistoria 4aManuscritos, náhuatlxHistoria 4aManuscritos mayasxHistoria 0aDuda ;v47